000 00365pam a2200157a 44500
008 230515b0 xxu||||| |||| 00| 0 eng d
020 _a9.78007E+12
041 _aNULL
082 _a621.9 /DON/LEC
100 _a"DONALDSON CYRIL
245 _aTOOL DESIGN
250 _a GOOLD V. C.
260 _a23
_b LECAIN GEORGE H.
_c0
300 _a4TH EDI RP
650 _a650
999 _c664006
_d664006